| 000 | 00323nam a22001337a 4500 | ||
|---|---|---|---|
| 999 |
_c532669 _d532669 |
||
| 003 | NUST | ||
| 038 | _aM.Ramzan | ||
| 082 |
_a624.171 _bMAC |
||
| 100 |
_aMacleod, Iain A. _926283 |
||
| 245 | _aModern structural analysis modelling ../ | ||
| 260 |
_aLondon: _bThomas Tellford, _c2005. |
||
| 300 | _a191 p, : | ||
| 942 |
_2ddc _cBK |
||